000 01659nam a22004097a 4500
003 CHAP
005 20220329143728.0
008 110425s2011 mx r 00010 spa d
010 _a101011
011 _a101983
035 _a112671
040 _cCHAP
090 _aTesis
100 1 _aLeón López, Juan Carlos.
_966146
245 1 0 _aDinámica nutrimental del potasio en especies vegetales con diferente densidad radical
_h[En línea]
_c/por Juan Carlos León López
260 _aChapingo, Méx. :
_bEl autor,
_c2011
500 _aPara ver el contenido del material haga clic en la liga
502 _aTesis (M. en Ingenieria Agrícola y Uso Integral del Agua) -- UACH. Departamento de Ingeniería Mecánica Agrícola. Departamento de Irrigación
590 _aALEPH
_b10
_c20130110
_lUCH01
_h1540
590 _aBATCH-UPD
_b10
_c20130110
_lUCH01
_h1120
590 _aBATCH-UPD
_b10
_c20130410
_lUCH01
_h0710
590 _aBATCH-UPD
_b10
_c20130914
_lUCH01
_h0930
590 _aBATCH-UPD
_b10
_c20140324
_lUCH01
_h1524
590 _aBATCH-UPD
_b10
_c20141002
_lUCH01
_h0848
590 _aCONVERSION
_b10
_c20130109
_lUCH01
_h1356
650 1 4 _aCiclo biológico.
_923050
650 1 4 _aMateria seca.
_972933
650 1 4 _aNitrato de potasio
_xEfecto en plantas.
_981392
650 1 4 _aPlantas
_xNutrición.
_988874
650 1 4 _aRiego por goteo.
_997380
650 1 4 _aSustratos.
_9110789
856 _3Finding aid
_uhttp://10.13.5.2/tesis/112671.pdf
_zTeclea aqui
901 _aBK
942 _cFOLL
949 _aTesis
_bBC
_cTES
_d33724002234842
_eTS2
_fc.2
_gDonaciØn
_h52162
_i112671
_st
949 _aTesis
_bBC
_cTES
_d33724002234884
_eTS1
_gdonaciØn
_h52161
_i112671
_st
999 _c101011
_d101011